[Event "20ème Open international de La Réunion"]
[Site "Salle des fêtes de Bellepierre"]
[Date "2018.10.18"]
[Round "5.4"]
[White "Rabe Andrianandrasan, Haingo"]
[Black "Denoyelle, Arnaud"]
[Result "0-1"]
[WhiteElo "1860"]
[BlackElo "2229"]
[PlyCount "92"]
[EventDate "2018.??.??"]

1. e4 c5 2. Nf3 d6 3. Nc3 Nc6 4. Bb5 Bd7 5. h3 a6 6. Bxc6 Bxc6 7. O-O g6 8. d4
cxd4 9. Nxd4 Bg7 10. Qd3 Nf6 11. Kh1 O-O 12. f4 Rc8 13. Be3 b5 14. Nxc6 Rxc6
15. Nd5 Nxd5 16. exd5 Rc4 17. c3 Qc7 18. Rac1 Rc8 19. Bd2 Qb7 20. b3 R4c5 21.
c4 bxc4 22. Rxc4 Rxc4 23. bxc4 Qb2 24. a3 Qa2 25. Rc1 Bb2 26. Rc2 Qb1+ 27. Kh2
Bd4 28. Kg3 Rb8 29. Bb4 a5 30. Rd2 Qxd3+ 31. Rxd3 axb4 32. Rxd4 bxa3 33. Rd3
Ra8 34. Rd1 a2 35. Ra1 Kg7 36. Kf3 Kf6 37. Ke3 g5 38. fxg5+ Kxg5 39. Kd3 Kf4
40. Kc3 Kg3 41. Kb4 Kxg2 42. c5 dxc5+ 43. Kxc5 Kxh3 44. Kc6 Kg2 45. Kd7 Ra7+
46. Ke8 f5 0-1

[Event "20ème Open international de La Réunion"]
[Site "Salle des fêtes de Bellepierre"]
[Date "2018.10.18"]
[Round "5.5"]
[White "Ratsimikatry, Caryl Patrick"]
[Black "Quere, Alexandre"]
[Result "0-1"]
[WhiteElo "1782"]
[BlackElo "2087"]
[PlyCount "64"]
[EventDate "2018.??.??"]

1. e4 Nf6 2. e5 Nd5 3. d4 Nb6 4. Nf3 d5 5. exd6 cxd6 6. Be3 Nc6 7. d5 Nb4 8.
Bb5+ Bd7 9. Bxd7+ Qxd7 10. c4 Nxc4 11. Qb3 Nxe3 12. fxe3 Rc8 13. Nc3 Nd3+ 14.
Ke2 Nc5 15. Qb4 g6 16. Qd4 Rg8 17. Rac1 Bg7 18. Qh4 Bf6 19. Qf4 g5 20. Qb4 a5
21. Qxa5 Qg4 22. Qb5+ Kf8 23. Rhg1 Kg7 24. Kd2 Bxc3+ 25. bxc3 Ne4+ 26. Ke1 Rxc3
27. Rxc3 Nxc3 28. Qxb7 Qc4 29. Kd2 Ne4+ 30. Ke1 Qc1+ 31. Ke2 Qc2+ 32. Ke1 Nc5
0-1

[Event "20ème Open international de La Réunion"]
[Site "Salle des fêtes de Bellepierre"]
[Date "2018.10.18"]
[Round "5.6"]
[White "Mezouaghi, Miloud"]
[Black "Andriandaza, Tombo Omar"]
[Result "0-1"]
[WhiteElo "2022"]
[BlackElo "1742"]
[PlyCount "128"]
[EventDate "2018.??.??"]

1. Nf3 Nf6 2. g3 g6 3. Bg2 Bg7 4. O-O d5 5. d4 O-O 6. c4 c6 7. Nc3 Nbd7 8. cxd5
cxd5 9. Bf4 a6 10. a4 Qa5 11. Qb1 Qd8 12. a5 b5 13. Ne5 Bb7 14. Rd1 e6 15. Nd3
Qe7 16. b4 Nh5 17. Be3 f5 18. Ra3 g5 19. Bf3 Qf7 20. Nc5 g4 21. Nxd7 Qxd7 22.
Bg2 Rac8 23. Rc1 Rc4 24. Na2 Rfc8 25. Rac3 Rxc3 26. Rxc3 Rxc3 27. Nxc3 Qc7 28.
Qd3 Qc4 29. Qxc4 bxc4 30. b5 Bf8 31. bxa6 Bxa6 32. Na4 Kf7 33. Bd2 Nf6 34. Kf1
Ne4 35. Bxe4 fxe4 36. Ke1 h5 37. Kd1 Bb5 38. Nc5 e5 39. e3 exd4 40. exd4 Bxc5
41. dxc5 d4 42. Kc2 Ba4+ 43. Kb2 c3+ 44. Bxc3 dxc3+ 45. Kxc3 Bc6 46. a6 Ba8 47.
Kc4 Ke6 48. Kb5 Kd5 49. Kb6 Bc6 50. a7 Ba8 51. Kb5 Ke6 52. Kc4 Kd7 53. Kd4 Ke6
54. Kc4 Bc6 55. Kd4 Kf5 56. Kc3 Ke5 57. Kc4 Bd5+ 58. Kb5 Ba8 59. Kc4 Bc6 60.
Kc3 Kd5 61. Kb4 Kd4 62. a8=Q Bxa8 63. Kb5 Kd5 64. Kb6 Bc6 0-1

[Event "20ème Open international de La Réunion"]
[Site "Salle des fêtes de Bellepierre"]
[Date "2018.10.18"]
[Round "5.7"]
[White "Duprey, Francois-Xavier"]
[Black "Leveille, Francois"]
[Result "0-1"]
[WhiteElo "1589"]
[BlackElo "2202"]
[PlyCount "66"]
[EventDate "2018.??.??"]

1. c4 Nf6 2. Nf3 c5 3. g3 b6 4. Nc3 Bb7 5. Bg2 e6 6. O-O d6 7. d4 cxd4 8. Nxd4
Bxg2 9. Kxg2 Be7 10. e4 O-O 11. a3 Qc7 12. b3 a6 13. h3 b5 14. Bb2 bxc4 15. b4
Nbd7 16. f4 Rfe8 17. f5 e5 18. Nf3 a5 19. g4 Qb7 20. Qe2 axb4 21. axb4 Qxb4 22.
Rxa8 Rxa8 23. g5 Nh5 24. Nd5 Nf4+ 25. Nxf4 exf4 26. f6 gxf6 27. gxf6 Bxf6 28.
Bxf6 Nxf6 29. e5 Re8 30. Kh2 Kf8 31. Rg1 dxe5 32. Qg2 Qc3 33. Nh4 Qg3+ 0-1

[Event "20ème Open international de La Réunion"]
[Site "Salle des fêtes de Bellepierre"]
[Date "2018.10.18"]
[Round "5.8"]
[White "Dijoux, Julien"]
[Black "Lorans, Sylvain"]
[Result "1/2-1/2"]
[WhiteElo "1831"]
[BlackElo "2177"]
[PlyCount "73"]
[EventDate "2018.??.??"]

1. d4 Nf6 2. Nf3 e6 3. c4 c5 4. d5 exd5 5. cxd5 d6 6. g3 g6 7. Bg2 Bg7 8. Nc3
O-O 9. O-O a6 10. a4 Nbd7 11. Nd2 Rb8 12. a5 b5 13. axb6 Nxb6 14. Re1 Ng4 15.
Na4 Nxa4 16. Rxa4 Bxb2 17. Bxb2 Rxb2 18. Nc4 Rb4 19. Rxb4 cxb4 20. Qa4 Qf6 21.
Rf1 Ne5 22. Qxb4 Nxc4 23. Qxc4 Qb2 24. Be4 Bh3 25. Rb1 Qa3 26. Qb4 Qa2 27. Rb2
Rc8 28. f4 Qa1+ 29. Rb1 Rc1+ 30. Rxc1 Qxc1+ 31. Kf2 Qc7 32. Bd3 Qa7+ 33. e3 Qc7
34. Bxa6 Qc2+ 35. Be2 Bg4 36. Qc4 Qb2 37. Qd3 1/2-1/2

[Event "20ème Open international de La Réunion"]
[Site "Salle des fêtes de Bellepierre"]
[Date "2018.10.18"]
[Round "5.9"]
[White "Le Maguet, Loan"]
[Black "Triton, Maxime"]
[Result "1/2-1/2"]
[WhiteElo "1420"]
[BlackElo "1941"]
[PlyCount "57"]
[EventDate "2018.??.??"]

1. b4 a5 2. b5 Nf6 3. Bb2 e6 4. Nf3 d5 5. e3 Bd6 6. Be2 Nbd7 7. d4 O-O 8. O-O
c5 9. bxc6 bxc6 10. c4 Qe7 11. Ne5 Bb7 12. f4 Ne4 13. Nc3 Ndf6 14. c5 Nxc3 15.
Bxc3 Bxe5 16. dxe5 Ne4 17. Bd4 Nxc5 18. Qc2 Nd7 19. Rfb1 Rfb8 20. Bb6 Nxb6 21.
Rxb6 Qc7 22. Rab1 Bc8 23. Rxb8 Rxb8 24. Rxb8 Qxb8 25. Qxc6 Bb7 26. Qb6 Qa8 27.
Bf3 g6 28. Kf2 Kg7 29. a3 1/2-1/2

[Event "20ème Open international de La Réunion"]
[Site "Salle des fêtes de Bellepierre"]
[Date "2018.10.18"]
[Round "5.10"]
[White "Klein, Gernot"]
[Black "Larmet, Nino"]
[Result "1/2-1/2"]
[WhiteElo "1904"]
[BlackElo "1786"]
[PlyCount "68"]
[EventDate "2018.??.??"]

1. e4 e5 2. Nf3 Nc6 3. Bb5 a6 4. Ba4 Nf6 5. d3 b5 6. Bb3 Be7 7. O-O d6 8. c3
O-O 9. Re1 Bg4 10. Nbd2 Na5 11. Bc2 c5 12. Nf1 Nc6 13. Ng3 Nh5 14. h3 Bxf3 15.
Qxf3 Nxg3 16. Qxg3 Bf6 17. a4 b4 18. Bb3 Rb8 19. Bc4 a5 20. Bd2 Ne7 21. f4 exf4
22. Bxf4 Ng6 23. Rf1 Nxf4 24. Qxf4 Qe7 25. Qd2 Qe5 26. cxb4 Qxb2 27. Qf4 Qd4+
28. Kh1 Rxb4 29. Bb5 Qe5 30. Qg4 Qg5 31. Qxg5 Bxg5 32. Rf5 Bf6 33. Raf1 Be5 34.
R5f3 g6 1/2-1/2

[Event "20ème Open international de La Réunion"]
[Site "Salle des fêtes de Bellepierre"]
[Date "2018.10.18"]
[Round "5.11"]
[White "Fondrat, Johan"]
[Black "Rajaonson, Andriamahenina"]
[Result "0-1"]
[WhiteElo "1499"]
[BlackElo "1822"]
[PlyCount "96"]
[EventDate "2018.??.??"]

1. e4 e6 2. d4 d5 3. exd5 exd5 4. Bd3 Nf6 5. Nf3 Bd6 6. O-O O-O 7. Re1 Bg4 8.
h3 Bh5 9. Bg5 c6 10. c3 Nbd7 11. Nbd2 h6 12. Bh4 g5 13. Bg3 Bxg3 14. fxg3 g4
15. hxg4 Nxg4 16. Nh2 Ndf6 17. Nxg4 Bxg4 18. Be2 h5 19. Nf3 Ne4 20. Ne5 f5 21.
Bxg4 hxg4 22. Qc1 Kg7 23. Qf4 Qe7 24. Nd3 b6 25. Nf2 Rad8 26. Nxe4 dxe4 27.
Rad1 Kg6 28. Kf2 Rh8 29. Rh1 Rxh1 30. Rxh1 Qg5 31. Ke3 c5 32. Qxg5+ Kxg5 33.
Rh7 cxd4+ 34. cxd4 Rc8 35. Kd2 Rc4 36. Rg7+ Kf6 37. Rxa7 Rxd4+ 38. Ke2 Rd3 39.
Ra6 Rxg3 40. Kf2 f4 41. Rxb6+ Ke5 42. a4 e3+ 43. Kf1 f3 44. gxf3 gxf3 45. Rb3
Ke4 46. Rb4+ Kd3 47. Rb3+ Kd2 48. Rb8 e2+ 0-1

[Event "20ème Open international de La Réunion"]
[Site "Salle des fêtes de Bellepierre"]
[Date "2018.10.18"]
[Round "5.12"]
[White "Calmels, Nicolas"]
[Black "Pun Chung, Leo"]
[Result "1/2-1/2"]
[WhiteElo "1820"]
[BlackElo "1458"]
[PlyCount "73"]
[EventDate "2018.??.??"]

1. e4 c5 2. a3 Nc6 3. g3 Nf6 4. Bg2 g6 5. Nc3 Bg7 6. d3 Qb6 7. Bd2 d6 8. Nf3
O-O 9. O-O Bg4 10. h3 Bxf3 11. Bxf3 Nd4 12. Bg2 e6 13. Rb1 Rab8 14. b4 Nd7 15.
Na4 Qc7 16. b5 e5 17. f4 b6 18. c3 Ne6 19. f5 Nd8 20. g4 c4 21. Be3 cxd3 22.
Qxd3 Nb7 23. Rbd1 Ndc5 24. Nxc5 dxc5 25. f6 Rfd8 26. Qc2 Bf8 27. Rd5 c4 28. Qc1
Rxd5 29. exd5 Nc5 30. Bh6 Nd3 31. Qg5 Bxa3 32. Bg7 Bc5+ 33. Kh1 Nf2+ 34. Rxf2
Bxf2 35. Qh6 Bc5 36. Bh8 Bf8 37. Bg7 1/2-1/2

[Event "20ème Open international de La Réunion"]
[Site "Salle des fêtes de Bellepierre"]
[Date "2018.10.18"]
[Round "5.13"]
[White "Rebut, Paul"]
[Black "Laoussing, Mathis"]
[Result "1/2-1/2"]
[WhiteElo "1718"]
[BlackElo "1421"]
[PlyCount "106"]
[EventDate "2018.??.??"]

1. e4 d5 2. d4 dxe4 3. f3 exf3 4. Nxf3 Bg4 5. Bc4 e6 6. O-O Nf6 7. c3 c5 8. Be3
Qb6 9. Qb3 Nbd7 10. dxc5 Bxc5 11. Qxb6 Bxb6 12. Bxb6 Nxb6 13. Bb5+ Ke7 14. Ne5
Bf5 15. Nd2 Rhd8 16. Ndf3 Nfd5 17. g4 Be4 18. Rae1 Bxf3 19. Rxf3 f6 20. Nc4 a6
21. Nxb6 Nxb6 22. Rfe3 e5 23. Bd3 h6 24. Bf5 Nd5 25. Re4 Kf7 26. Rc4 Re8 27.
Rd1 b5 28. Rc5 Ne3 29. Rd7+ Re7 30. Rxe7+ Kxe7 31. Rc7+ Kd6 32. Rd7+ Kc5 33.
Be4 Rb8 34. b4+ Kb6 35. Rxg7 Nd1 36. Rf7 Nxc3 37. Rxf6+ Ka7 38. Bf5 Nxa2 39.
Rxh6 Nxb4 40. g5 a5 41. g6 Nd5 42. Be6 Nf6 43. g7 Ng8 44. Rh8 Ne7 45. Rxb8 Kxb8
46. g8=Q+ Nxg8 47. Bxg8 Kc7 48. Kf2 Kd6 49. Ke3 b4 50. Bb3 Ke7 51. Ke4 Kf6 52.
h4 Kg6 53. Kxe5 Kh5 1/2-1/2

[Event "20ème Open international de La Réunion"]
[Site "Salle des fêtes de Bellepierre"]
[Date "2018.10.18"]
[Round "5.14"]
[White "Muller, Sebastien"]
[Black "Desire, Michael"]
[Result "0-1"]
[WhiteElo "1397"]
[BlackElo "1702"]
[PlyCount "84"]
[EventDate "2018.??.??"]

1. e4 c6 2. Nf3 d5 3. e5 Bf5 4. d4 e6 5. Bd3 Ne7 6. O-O h6 7. c4 Nd7 8. c5 g5
9. Nc3 Bg4 10. h3 Bh5 11. g4 Bg6 12. Ne2 Bg7 13. Ng3 O-O 14. Nh2 b6 15. b4 a5
16. Qd2 axb4 17. f4 gxf4 18. Rxf4 bxc5 19. Bb2 Bxd3 20. Qxd3 c4 21. Qf1 c3 22.
Bxc3 bxc3 23. Nh5 Ng6 24. Rf3 Ngxe5 25. Rxc3 Qb6 26. Qd1 Nc4 27. Nxg7 Kxg7 28.
g5 h5 29. Rb1 Qa7 30. Nf3 Rab8 31. a3 Rxb1 32. Qxb1 Rb8 33. Qd3 Qc7 34. Nh4 Qf4
35. g6 Qxh4 36. gxf7 Qe1+ 37. Kh2 Rb2+ 38. Rc2 Rxc2+ 39. Qxc2 Qd2+ 40. Qxd2
Nxd2 41. Kg3 Kxf7 42. Kf4 Kf6 0-1

[Event "20ème Open international de La Réunion"]
[Site "Salle des fêtes de Bellepierre"]
[Date "2018.10.18"]
[Round "5.15"]
[White "Bah, Ismael"]
[Black "Padre, Maxime"]
[Result "1-0"]
[WhiteElo "1687"]
[BlackElo "1353"]
[PlyCount "87"]
[EventDate "2018.??.??"]

1. d4 Nf6 2. Nf3 e6 3. e3 c5 4. Be2 Nc6 5. O-O Be7 6. c4 O-O 7. d5 exd5 8. cxd5
Nb4 9. d6 Bxd6 10. a3 Bxh2+ 11. Nxh2 Nc6 12. Nc3 d5 13. Nf3 b6 14. Qc2 Bb7 15.
Rd1 Qc7 16. Qf5 Ne7 17. Qe5 Qc6 18. Ne1 Ng6 19. Qg3 Rfe8 20. Bb5 Qe6 21. Bxe8
Rxe8 22. Qh3 Qc6 23. Bd2 Re5 24. Qg3 h6 25. f3 Rg5 26. Qf2 Qc7 27. Ne2 Nh5 28.
e4 Re5 29. Nd3 Re7 30. exd5 Bxd5 31. Nef4 Ngxf4 32. Nxf4 Nxf4 33. Bxf4 Qc6 34.
Re1 Be6 35. Rad1 Qa4 36. Bc1 Rc7 37. Qg3 Rd7 38. Rxd7 Qxd7 39. Bxh6 Qd4+ 40.
Kh2 Qxb2 41. Bc1 Qd4 42. Re4 Qc3 43. Rh4 g6 44. Qb8+ 1-0

[Event "20ème Open international de La Réunion"]
[Site "Salle des fêtes de Bellepierre"]
[Date "2018.10.18"]
[Round "5.16"]
[White "Etheve, Lionel"]
[Black "Assie, Joel"]
[Result "1/2-1/2"]
[WhiteElo "1682"]
[BlackElo "1381"]
[PlyCount "84"]
[EventDate "2018.??.??"]

1. Nf3 d5 2. b3 Nf6 3. e3 c6 4. Be2 Bf5 5. Bb2 Nbd7 6. O-O e6 7. d4 Be7 8. Nbd2
O-O 9. c4 Rc8 10. a4 Bb4 11. c5 a5 12. Ne1 b6 13. cxb6 Qxb6 14. Ba3 c5 15. Bxb4
cxb4 16. Bd3 Bxd3 17. Nxd3 Rc7 18. Rc1 Rfc8 19. Qe2 Rxc1 20. Rxc1 Rxc1+ 21.
Nxc1 Qc6 22. Nd3 Qc3 23. f3 Qc7 24. g3 g6 25. Kf2 Kg7 26. Nf4 g5 27. Ng2 Qc2
28. Ne1 Qc7 29. Qb5 h5 30. Nd3 h4 31. Nc5 Kh6 32. Nb7 h3 33. Nxa5 Qc1 34. Qxb4
Qh1 35. Nf1 Qg2+ 36. Ke1 Qxf3 37. Qd2 Ne4 38. Qe2 Qg2 39. Nb7 Nc3 40. Qf2 Qe4
41. Nd2 Qh1+ 42. Nf1 Qe4 1/2-1/2

[Event "20ème Open international de La Réunion"]
[Site "Salle des fêtes de Bellepierre"]
[Date "2018.10.18"]
[Round "5.17"]
[White "Hermanns, Luis"]
[Black "Rajaobelina, Hery"]
[Result "0-1"]
[WhiteElo "1253"]
[BlackElo "1646"]
[PlyCount "50"]
[EventDate "2018.??.??"]

1. d4 Nf6 2. c4 g6 3. Nc3 Bg7 4. Bf4 d6 5. Nf3 Nbd7 6. e3 c5 7. Be2 Qb6 8. Qc2
a6 9. O-O h6 10. Bd3 g5 11. Bg3 Nh5 12. Nd5 Qd8 13. Bg6 Nxg3 14. fxg3 Nf6 15.
Nxf6+ Bxf6 16. Bh5 Be6 17. dxc5 dxc5 18. Nd2 Qc7 19. Ne4 Bg7 20. Qf2 O-O 21.
Qc2 Qe5 22. Rab1 g4 23. Bxf7+ Rxf7 24. Rxf7 Bxf7 25. b3 Bg6 0-1

[Event "20ème Open international de La Réunion"]
[Site "Salle des fêtes de Bellepierre"]
[Date "2018.10.18"]
[Round "5.18"]
[White "Alfonsi, Romain"]
[Black "Evrin, Selvam"]
[Result "0-1"]
[WhiteElo "1173"]
[BlackElo "1518"]
[PlyCount "104"]
[EventDate "2018.??.??"]

1. e4 c5 2. Nf3 d6 3. Nc3 Nf6 4. Bc4 Nc6 5. O-O e6 6. d3 Be7 7. Be3 a6 8. Qd2
b5 9. Bb3 d5 10. a3 d4 11. Bxd4 Nxd4 12. Nxd4 Qxd4 13. Rab1 Bb7 14. Ne2 Qd7 15.
Nf4 O-O 16. Qc3 Qc7 17. Ne2 c4 18. e5 Nd5 19. Qd4 cxb3 20. cxb3 Qc5 21. Qe4
Rac8 22. d4 Qc2 23. Qf3 Ba8 24. Rfc1 Nf4 25. Rxc2 Bxf3 26. Rxc8 Nxe2+ 27. Kf1
Rxc8 28. gxf3 Rc1+ 29. Rxc1 Nxc1 30. b4 Nd3 31. b3 Nc1 32. Ke1 Nxb3 33. Ke2
Nxd4+ 34. Kd2 Nxf3+ 35. Ke2 Nxe5 36. Ke3 Nc4+ 37. Kd3 Nxa3 38. Kc3 Nc4 39. h3
e5 40. Kd3 f5 41. Ke2 Bxb4 42. Kf3 a5 43. Kg3 a4 44. Kh4 a3 45. Kg5 a2 46. Kxf5
a1=Q 47. Ke4 Qd4+ 48. Kf3 Qf4+ 49. Kg2 Nd2 50. Kg1 Bc5 51. Kh1 Qxf2 52. h4 Qg1#
0-1

[Event "20ème Open international de La Réunion"]
[Site "Salle des fêtes de Bellepierre"]
[Date "2018.10.18"]
[Round "5.19"]
[White "Frelicot, Eric"]
[Black "Alex-Geerjanan, Nils"]
[Result "1-0"]
[WhiteElo "1666"]
[BlackElo "1015"]
[PlyCount "73"]
[EventDate "2018.??.??"]

1. c4 c5 2. Nc3 Nc6 3. Nf3 e5 4. d3 Be7 5. g3 Nf6 6. Bg2 O-O 7. O-O d6 8. a3
Bg4 9. Rb1 Qd7 10. Re1 Nd8 11. b4 cxb4 12. Rxb4 Ne6 13. Qa4 Qxa4 14. Nxa4 b6
15. Rb1 h6 16. Nh4 Rac8 17. h3 Bh5 18. Nf5 Rfe8 19. Nxe7+ Rxe7 20. Nc3 Bg6 21.
a4 Ng5 22. Ba3 Bf5 23. g4 Be6 24. Bxd6 Ree8 25. Bxe5 Nd7 26. Bf4 a6 27. Bxg5
hxg5 28. Ne4 f6 29. Nd6 Rcd8 30. Nxe8 Rxe8 31. Bc6 Rc8 32. Bxd7 Bxd7 33. Rxb6
Ra8 34. a5 Bc8 35. Reb1 Kh7 36. Rb8 Rxb8 37. Rxb8 1-0

[Event "20ème Open international de La Réunion"]
[Site "Salle des fêtes de Bellepierre"]
[Date "2018.10.18"]
[Round "5.20"]
[White "Eric Andriana, Fitia"]
[Black "Ova, Roberto"]
[Result "0-1"]
[WhiteElo "1186"]
[BlackElo "1212"]
[PlyCount "90"]
[EventDate "2018.??.??"]

1. e4 c5 2. Nc3 Nc6 3. g3 Nf6 4. Bg2 d6 5. d3 g6 6. Nge2 Bg7 7. O-O O-O 8. Be3
Qb6 9. a4 a5 10. Nb5 Bg4 11. h3 Bxe2 12. Qxe2 Nd4 13. Bxd4 cxd4 14. Na3 Nd7 15.
f4 Rac8 16. Nc4 Rxc4 17. dxc4 d3+ 18. Qf2 Bd4 19. cxd3 Bxf2+ 20. Rxf2 Qd4 21.
Rd1 Nc5 22. Kf1 Rc8 23. Re2 e5 24. f5 g5 25. Rc2 f6 26. Bf3 h6 27. Ke2 Rc6 28.
Rdd2 Nb3 29. Rd1 Qc5 30. Rc3 Qb4 31. Rb1 Nd4+ 32. Kf2 Rb6 33. Ke3 Nxf3 34. Kxf3
Qxc3 35. bxc3 Rxb1 36. g4 Ra1 37. Ke2 Rxa4 38. Kd2 Ra2+ 39. Kc1 Rh2 40. Kb1
Rxh3 41. Kb2 h5 42. gxh5 g4 43. Kb3 g3 44. Ka4 g2 45. Kxa5 g1=Q 0-1

[Event "20ème Open international de La Réunion"]
[Site "Salle des fêtes de Bellepierre"]
[Date "2018.10.18"]
[Round "5.21"]
[White "Mohamed, Keziah"]
[Black "Parame, Bruno"]
[Result "1-0"]
[WhiteElo "1070"]
[BlackElo "1399"]
[PlyCount "57"]
[EventDate "2018.??.??"]

1. e4 Nc6 2. Nf3 Nf6 3. Nc3 e5 4. d3 Bc5 5. Be3 Bxe3 6. fxe3 d6 7. h3 b6 8. Qe2
Ba6 9. O-O-O Nb4 10. Kb1 Nd7 11. Qf2 Qf6 12. d4 exd4 13. exd4 Bb7 14. Bb5 O-O-O
15. Rhe1 Qe6 16. d5 Qg6 17. Rd2 Rhe8 18. Qd4 a5 19. e5 Re7 20. exd6 Rxe1+ 21.
Nxe1 Qxd6 22. Nf3 f6 23. g4 g5 24. h4 h6 25. a3 Nxd5 26. Nxd5 Bxd5 27. Qxd5 Qe7
28. Bxd7+ Rxd7 29. Qa8# 1-0

[Event "20ème Open international de La Réunion"]
[Site "Salle des fêtes de Bellepierre"]
[Date "2018.10.18"]
[Round "5.22"]
[White "Leost, Joel"]
[Black "Fautrel, Sebastien"]
[Result "1/2-1/2"]
[WhiteElo "1350"]
[BlackElo "1110"]
[PlyCount "101"]
[EventDate "2018.??.??"]

1. e4 c5 2. Bc4 e6 3. Nc3 d6 4. Nf3 Be7 5. O-O Nf6 6. d3 O-O 7. a3 Nc6 8. Be3
a6 9. Ba2 e5 10. Nd5 Nxd5 11. Bxd5 Bd7 12. c3 Qc8 13. Nd2 Be6 14. Bb3 Bxb3 15.
Nxb3 b5 16. Nc1 Qd8 17. Qg4 h6 18. Bxh6 Bf6 19. Ne2 Qc8 20. Qg3 c4 21. Rad1
cxd3 22. Rxd3 Na5 23. Rxd6 Nc4 24. Rd5 Nxb2 25. Bg5 Rd8 26. Rxd8+ Bxd8 27. Qh3
Qxh3 28. gxh3 Na4 29. Be3 Be7 30. f4 f6 31. fxe5 fxe5 32. Rf7 Bxa3 33. Rc7 Rf8
34. Kg2 Bd6 35. Rc6 Rf6 36. Rc8+ Kh7 37. Bf2 Rf8 38. Rc6 Rd8 39. Rxa6 Bc5 40.
Bxc5 Nxc5 41. Rc6 Nxe4 42. Kf3 Ng5+ 43. Kg4 Nf7 44. Rc5 Rb8 45. Kf5 Kg8 46. Ng3
b4 47. cxb4 Rxb4 48. Rc8+ Kh7 49. Rc7 Kg8 50. Rc8+ Kh7 51. Rc7 1/2-1/2

[Event "20ème Open international de La Réunion"]
[Site "Salle des fêtes de Bellepierre"]
[Date "2018.10.18"]
[Round "5.23"]
[White "Bosi-Lagarde, Arthur"]
[Black "Sandjivy, Jean Marc"]
[Result "1-0"]
[WhiteElo "1110"]
[BlackElo "1271"]
[PlyCount "37"]
[EventDate "2018.??.??"]

1. e4 e6 2. Nc3 Nc6 3. Nf3 Bb4 4. Bc4 Bxc3 5. dxc3 Nge7 6. O-O d5 7. exd5 exd5
8. Bb3 O-O 9. Bg5 h6 10. Bxe7 Qxe7 11. Qxd5 Rd8 12. Qc4 a5 13. Rfe1 Qd6 14.
Qxf7+ Kh8 15. Re8+ Rxe8 16. Qxe8+ Kh7 17. Bf7 h5 18. Qg8+ Kh6 19. Qh8# 1-0

[Event "20ème Open international de La Réunion"]
[Site "Salle des fêtes de Bellepierre"]
[Date "2018.10.18"]
[Round "5.24"]
[White "Cavillot-Delestage, Raphael"]
[Black "Fautrel, Pierrick"]
[Result "0-1"]
[WhiteElo "1009"]
[BlackElo "1176"]
[PlyCount "98"]
[EventDate "2018.??.??"]

1. e4 e6 2. d4 d5 3. e5 c5 4. Nf3 Nc6 5. Bb5 Qb6 6. Nc3 Bd7 7. O-O cxd4 8. Nxd4
Qxd4 9. Qxd4 Nxd4 10. Bxd7+ Kxd7 11. Be3 Nxc2 12. Rad1 Nxe3 13. fxe3 Bc5 14.
Rf3 Ne7 15. Kh1 Nf5 16. e4 Ne3 17. Rd3 Ng4 18. exd5 Nf2+ 19. Rxf2 Bxf2 20.
dxe6+ Kxe6 21. Rf3 Bb6 22. h3 Rhd8 23. Rg3 g6 24. Rf3 Rd2 25. b3 Rc8 26. Ne4
Rc1+ 27. Kh2 Bg1+ 28. Kg3 h6 29. Nxd2 Rc2 30. Ne4 Bd4 31. Rf6+ Kxe5 32. Kf3
Rxa2 33. Rxf7 b6 34. Rh7 h5 35. Rh6 Kf5 36. Nd6+ Kg5 37. Rh7 Ra3 38. Ne4+ Kh4
39. Rf7 Rxb3+ 40. Ke2 Re3+ 41. Kd2 Rxe4 42. Rf3 Bc5 43. Kd3 Re3+ 44. Rxe3 Bxe3
45. Kxe3 a5 46. Kd3 Kg3 47. Kc4 Kxg2 48. Kb5 Kxh3 49. Kxb6 a4 0-1

[Event "20ème Open international de La Réunion"]
[Site "Salle des fêtes de Bellepierre"]
[Date "2018.10.18"]
[Round "5.25"]
[White "Erudel, Maeva"]
[Black "Hoareau-Fontaine, Clement"]
[Result "0-1"]
[WhiteElo "1009"]
[BlackElo "1130"]
[PlyCount "148"]
[EventDate "2018.??.??"]

1. e4 c5 2. Nf3 Nc6 3. Nc3 g6 4. Bc4 Bg7 5. b3 e6 6. Bb2 d6 7. Rb1 Nge7 8. d3
O-O 9. O-O a6 10. d4 cxd4 11. Ne2 d5 12. exd5 exd5 13. Bd3 Bf5 14. Nexd4 Nxd4
15. Bxd4 Bxd4 16. Nxd4 Qd7 17. Qf3 Rfe8 18. Rfe1 Bxd3 19. cxd3 Rac8 20. Qf6 Nc6
21. Nxc6 Rxc6 22. Qd4 Rxe1+ 23. Rxe1 Rc2 24. h3 Rxa2 25. Qe5 Kf8 26. d4 Qc6 27.
Qe7+ Kg7 28. Qe5+ Qf6 29. f4 Qxe5 30. fxe5 Rb2 31. Re3 Rb1+ 32. Kf2 Rd1 33. e6
fxe6 34. Rxe6 Rxd4 35. Re7+ Kh6 36. Rxb7 Rd2+ 37. Ke3 Rxg2 38. Kf3 Ra2 39. b4
Kh5 40. Kg3 Ra3+ 41. Kh2 h6 42. b5 axb5 43. Rxb5 Rd3 44. Kg2 Kh4 45. Rb6 Rd2+
46. Kf3 Kg5 47. Rd6 Kf5 48. Ke3 Ra2 49. Rxd5+ Ke6 50. Rb5 Ra3+ 51. Kd4 Rxh3 52.
Rb6+ Kf5 53. Kd5 h5 54. Rb7 g5 55. Rf7+ Kg4 56. Rg7 Rd3+ 57. Ke4 Ra3 58. Ke5 h4
59. Kf6 Ra5 60. Kg6 h3 61. Rh7 Kg3 62. Kf6 Kg2 63. Ke6 h2 64. Kd6 h1=Q 65. Rxh1
Kxh1 66. Kc6 g4 67. Kb6 Rh5 68. Kc6 g3 69. Kd6 g2 70. Ke6 g1=Q 71. Kf6 Qg5+ 72.
Ke6 Rh6+ 73. Kd7 Qg7+ 74. Kc8 Rh8# 0-1

[Event "20ème Open international de La Réunion"]
[Site "Salle des fêtes de Bellepierre"]
[Date "2018.10.18"]
[Round "6.1"]
[White "Quere, Alexandre"]
[Black "Ranaivoharisoa, Alain"]
[Result "1/2-1/2"]
[WhiteElo "2087"]
[BlackElo "2196"]
[PlyCount "114"]
[EventDate "2018.??.??"]

1. e4 g6 2. c4 Bg7 3. d4 c5 4. Nf3 cxd4 5. Nxd4 Nc6 6. Nc2 Nf6 7. Nc3 O-O 8.
Be3 d6 9. Be2 Bd7 10. O-O b6 11. f3 Rc8 12. Qd2 Ne5 13. b3 Qc7 14. Rac1 Rfd8
15. Rfd1 Be8 16. Bg5 Qb7 17. f4 Ned7 18. Bf3 Qb8 19. Ne3 Bf8 20. Ned5 Nxd5 21.
Nxd5 f6 22. Bh4 Bf7 23. Bg4 Qb7 24. Qd4 Bxd5 25. exd5 f5 26. Bf3 Bg7 27. Qe3
Nf6 28. Re1 Re8 29. a4 Qc7 30. Qe6+ Kf8 31. b4 Rcd8 32. h3 Qd7 33. g4 Qxe6 34.
Rxe6 fxg4 35. hxg4 Rc8 36. f5 Nd7 37. fxg6 hxg6 38. Be4 Ne5 39. Rf1+ Kg8 40.
Bxg6 Rf8 41. Bxe7 Rxf1+ 42. Kxf1 Rxc4 43. Bxd6 Nxg6 44. Rxg6 Kf7 45. Rg5 Bc3
46. Rf5+ Kg6 47. Rf4 Rxf4+ 48. Bxf4 Bxb4 49. d6 a6 50. d7 Be7 51. Bc7 Kg5 52.
Kf2 Kxg4 53. Bxb6 Kf5 54. Ke3 Ke6 55. d8=Q Bxd8 56. Bxd8 Kd7 57. Bb6 Kc6
1/2-1/2

[Event "20ème Open international de La Réunion"]
[Site "Salle des fêtes de Bellepierre"]
[Date "2018.10.18"]
[Round "6.2"]
[White "Andriandaza, Tombo Omar"]
[Black "Ramasindraibe, Girard"]
[Result "0-1"]
[WhiteElo "1742"]
[BlackElo "2073"]
[PlyCount "92"]
[EventDate "2018.??.??"]

1. d4 Nf6 2. Nf3 e6 3. Bf4 Be7 4. h3 O-O 5. Nbd2 d5 6. e3 c5 7. c3 Nc6 8. Bd3
b6 9. Bb5 Bb7 10. O-O Bd6 11. Bxd6 Qxd6 12. Re1 Rfd8 13. Rc1 a6 14. Bxc6 Bxc6
15. Ne5 Be8 16. f4 Ra7 17. Ng4 Nd7 18. Qf3 f6 19. Qg3 Bg6 20. Nf3 Be4 21. h4
Kh8 22. h5 c4 23. Qh4 Bxf3 24. gxf3 Rf8 25. Qg3 b5 26. a3 a5 27. Re2 b4 28.
axb4 axb4 29. e4 dxe4 30. fxe4 h6 31. Qe3 bxc3 32. bxc3 Qb6 33. f5 Kh7 34. Qg3
Re8 35. Nxh6 Nf8 36. Ng4 exf5 37. Nf2 Ra5 38. Rce1 fxe4 39. Nxe4 Rxh5 40. Rg2
Re7 41. Qf3 Rhe5 42. Qg4 g6 43. Nxf6+ Kh8 44. Rxe5 Rxe5 45. Rh2+ Kg7 46. Ne4
Qb1+ 0-1